000 01261 a2200193 4500
001 53361
005 20260407155808.0
008 260407a1962 arg spa d
003 AR-UNSa-BCEJYS
040 _aAR-UNSa-BCEJYS
_bspa
_cAR-UNSa-BCEJYS
080 _a330.342.22
_xEconomía en desarrollo. Economía en industrialización
245 1 0 _aGeografía industrial del mundo
264 1 _aBuenos Aires :
_bUniversidad de Buenos Aires
_c1962
300 _a123 p.
_c18 cm.
505 _aIntroducción: Fundamentos de una geografía industrial - Primera parte: Las industrias nordoccidentales de la Europa nordoccidental - I. La antigua industria inglesa y sus transformaciones - II. La industria alemana - III. La industria francesa y la industria belga - IV. La industria suiza,la austríaca y la italiana - Segunda parte: Los países nuevos,émulos de Europa - V. Estados Unidos,continente industrial - VI. La industria japonesa - VII. Nuevos países industriales - Tercera parte: Industrialización e industrias de la Unión Soviética y de las democracias populares - VIII. Las industrias de la Unión Soviética y la industrialización de las democracias populares
942 _cBK
590 _aniveau_biblio:m niveau_hierar:0
100 1 _aGeorge, Pierre
999 _c5216
_d5216